000 00691nam a22002297a 4500
999 _c68495
_d68492
003 PK-NaQUE
005 20241213121058.0
008 241213b ||||| |||| 00| 0 eng d
020 _a9781439825259
040 _cQUEST
082 _a610.28BRO
100 _a Bronzino, Joseph D.
245 _aMedical Devices and Human Engineering: Vol: III
260 _aLondon:
_bCRC Press,
_c2015.
300 _aIRP
650 _aBiomedical Engineering--instrumentation.
650 _aBiosensing Techniques--instrumentation.
650 _aElectrical Equipment and Supplies.
650 _aHuman Engineering.
856 _uhttp://10.10.170.122:8080/browse/book/26112
_yeBook
942 _cBK
_2ddc